[Event "Steyr Landesliga 2122"]
[Site "Austria"]
[Date "2022.01.15"]
[Round "3.4"]
[White "Ilijic, Mihajilo"]
[Black "Stuhlik, Marko"]
[Result "1/2-1/2"]
[WhiteElo "2080"]
[BlackElo "2163"]
[PlyCount "34"]
[EventDate "2021.10.16"]
[EventType "team-tourn"]
[EventRounds "11"]
[EventCountry "AUT"]
[SourceTitle "EXT 2023"]
[Source "ChessBase"]
[SourceDate "2022.10.05"]
[SourceVersion "1"]
[SourceVersionDate "2022.10.05"]
[SourceQuality "1"]
[WhiteTeam "Voitsberg"]
[BlackTeam "Trofaiach Niklasdorf"]
[WhiteTeamCountry "AUT"]
[BlackTeamCountry "AUT"]

1. e4 d6 2. d4 Nf6 3. Nc3 c6 4. a4 Qa5 5. Bd3 e5 6. Nge2 Nbd7 7. 0-0 g6 8. Bd2 Qc7 9. a5 Bg7 10. dxe5 dxe5 11. Kh1 0-0 12. f4 exf4 13. Nxf4 Ne5 14. Qe1 h6 15. Be2 Bg4 16. Nd3 Bxe2 17. Qxe2 Qe7 1/2-1/2

[Event "Steyr Landesliga 1920"]
[Site "Austria"]
[Date "2019.11.16"]
[Round "4.4"]
[White "Watzka, Horst"]
[Black "Stuhlik, Marko"]
[Result "1/2-1/2"]
[WhiteElo "2187"]
[BlackElo "2189"]
[PlyCount "40"]
[EventDate "2019.09.28"]
[EventType "team-tourn"]
[EventRounds "11"]
[EventCountry "AUT"]
[SourceTitle "CBM 193 Extra"]
[Source "ChessBase"]
[SourceDate "2020.01.31"]
[SourceVersion "1"]
[SourceVersionDate "2020.01.31"]
[SourceQuality "1"]
[WhiteTeam "Graz Schachgesellschaft"]
[BlackTeam "Trofaiach Niklasdorf"]
[WhiteTeamCountry "AUT"]
[BlackTeamCountry "AUT"]

1. e4 g6 2. Nc3 c6 3. d4 d6 4. h3 Nd7 5. Nf3 Bg7 6. a4 Qc7 7. Be3 Ngf6 8. Qd2 0-0 9. Be2 e5 10. 0-0 exd4 11. Nxd4 Nc5 12. f3 Nh5 13. Rfd1 Re8 14. Bf1 Ng3 15. Nde2 Nxf1 16. Kxf1 Be5 17. Bh6 f5 18. exf5 Bxf5 19. Kg1 d5 20. Nd4 Qf7 1/2-1/2

[Event "Steyr Landesliga 1920"]
[Site "Austria"]
[Date "2019.10.19"]
[Round "3.4"]
[White "Stuhlik, Marko"]
[Black "Nuster, Erwin"]
[Result "1/2-1/2"]
[WhiteElo "2189"]
[BlackElo "2125"]
[PlyCount "26"]
[EventDate "2019.09.28"]
[EventType "team-tourn"]
[EventRounds "11"]
[EventCountry "AUT"]
[SourceTitle "CBM 193 Extra"]
[Source "ChessBase"]
[SourceDate "2020.01.31"]
[SourceVersion "1"]
[SourceVersionDate "2020.01.31"]
[SourceQuality "1"]
[WhiteTeam "Trofaiach Niklasdorf"]
[BlackTeam "Feldbach Kirchberg"]
[WhiteTeamCountry "AUT"]
[BlackTeamCountry "AUT"]

1. g3 Nf6 2. Bg2 e5 3. c4 Be7 4. Nc3 d6 5. d3 Nbd7 6. e4 c6 7. Nge2 a6 8. h3 b5 9. Be3 Bb7 10. a3 h5 11. 0-0 Qb8 12. cxb5 axb5 13. d4 Bc8 1/2-1/2

[Event "Steyr Landesliga 1819"]
[Site "Austria"]
[Date "2019.02.09"]
[Round "8.4"]
[White "Stuhlik, Marko"]
[Black "Wegerer, Fred"]
[Result "1/2-1/2"]
[WhiteElo "2165"]
[BlackElo "2142"]
[PlyCount "37"]
[EventDate "2018.10.06"]
[EventType "team-tourn"]
[EventRounds "11"]
[EventCountry "AUT"]
[SourceTitle "CBM 189 Extra"]
[Source "ChessBase"]
[SourceDate "2019.06.03"]
[SourceVersion "1"]
[SourceVersionDate "2019.06.03"]
[SourceQuality "1"]
[WhiteTeam "Trofaiach Niklasdorf"]
[BlackTeam "Graz Austria"]
[WhiteTeamCountry "AUT"]
[BlackTeamCountry "AUT"]

1. g3 g6 2. c4 Bg7 3. Bg2 e5 4. Nc3 Nc6 5. e4 d6 6. Nge2 h5 7. h3 Be6 8. d3 Qd7 9. Rb1 Nh6 10. Nd5 f6 11. Be3 Nd8 12. Qd2 Ndf7 13. b3 c6 14. Ndc3 0-0 15. d4 Qc8 16. d5 Bd7 17. f3 c5 18. g4 Kh7 19. Ng3 1/2-1/2

[Event "Steyr Landesliga 1819"]
[Site "Austria"]
[Date "2019.01.12"]
[Round "6.4"]
[White "Stuhlik, Marko"]
[Black "Kiss, Balint"]
[Result "1/2-1/2"]
[WhiteElo "2165"]
[BlackElo "2243"]
[PlyCount "35"]
[EventDate "2018.10.06"]
[EventType "team-tourn"]
[EventRounds "11"]
[EventCountry "AUT"]
[SourceTitle "CBM 189 Extra"]
[Source "ChessBase"]
[SourceDate "2019.06.03"]
[SourceVersion "1"]
[SourceVersionDate "2019.06.03"]
[SourceQuality "1"]
[WhiteTeam "Trofaiach Niklasdorf"]
[BlackTeam "Fuerstenfeld/Hartberg"]
[WhiteTeamCountry "AUT"]
[BlackTeamCountry "AUT"]

1. c4 e5 2. g3 Nc6 3. Bg2 Nf6 4. Nc3 Bc5 5. a3 a5 6. e3 d6 7. Nge2 0-0 8. b3 Bf5 9. d3 Qd7 10. h3 h6 11. Bb2 Ba7 12. Qd2 Bh7 13. 0-0 Nd8 14. b4 Bb6 15. Nd5 Nxd5 16. cxd5 c6 17. dxc6 bxc6 18. d4 1/2-1/2

[Event "Steyr Landesliga 1819"]
[Site "Austria"]
[Date "2018.11.17"]
[Round "5.4"]
[White "Gutmann, Alois"]
[Black "Stuhlik, Marko"]
[Result "0-1"]
[WhiteElo "2055"]
[BlackElo "2165"]
[PlyCount "150"]
[EventDate "2018.10.06"]
[EventType "team-tourn"]
[EventRounds "11"]
[EventCountry "AUT"]
[SourceTitle "CBM 189 Extra"]
[Source "ChessBase"]
[SourceDate "2019.06.03"]
[SourceVersion "1"]
[SourceVersionDate "2019.06.03"]
[SourceQuality "1"]
[WhiteTeam "Feldbach Kirchberg"]
[BlackTeam "Trofaiach Niklasdorf"]
[WhiteTeamCountry "AUT"]
[BlackTeamCountry "AUT"]

1. Nc3 c6 2. e4 d6 3. Nf3 Nf6 4. Be2 Nbd7 5. 0-0 b5 6. d3 g6 7. Re1 Qc7 8. Bf1 a6 9. h3 Bg7 10. a3 0-0 11. Be3 e5 12. Qc1 Re8 13. Bh6 Nf8 14. Bxg7 Kxg7 15. Ng5 h6 16. Nf3 Bb7 17. Ne2 Rad8 18. Ng3 d5 19. Nh4 Bc8 20. a4 d4 21. axb5 axb5 22. Qd2 N6h7 23. Qb4 Ng5 24. Qc5 Nfe6 25. Ra7 Nxc5 26. Rxc7 Bb7 27. Nf3 Nge6 28. Rxb7 Nxb7 29. Nxe5 c5 30. Ne2 f6 31. Nf3 Ra8 32. Rb1 Nd6 33. c3 dxc3 34. Nxc3 b4 35. Nd5 Ra2 36. e5 fxe5 37. Nxe5 Nd4 38. f4 g5 39. g3 gxf4 40. gxf4 Nb3 41. Bg2 Rea8 42. Ne3 Ra1 43. Rxa1 Rxa1+ 44. Kf2 Rb1 45. N5c4 Nxc4 46. Nxc4 Nd4 47. Be4 Kf6 48. Kg3 Nf5+ 49. Kf2 Rc1 50. Kg2 Rc2+ 51. Kf3 Rh2 52. Kg4 h5+ 53. Kf3 Rxh3+ 54. Kg2 Rg3+ 55. Kh2 h4 56. Ne5 Ke6 57. Nf3 Nd6 58. Bc6 Rg7 59. Nxh4 Rh7 60. Kg3 Rg7+ 61. Kf2 Rc7 62. Bg2 c4 63. Bh3+ Kf6 64. dxc4 Nxc4 65. Nf3 Nxb2 66. Nd2 Rc2 67. Ke1 b3 68. Bf1 Rc1+ 69. Kf2 Nd1+ 70. Kf3 b2 71. Bd3 Nc3 72. Ke3 b1Q 73. Bxb1 Nxb1 74. Ne4+ Ke6 75. Ng5+ Kf5 0-1

[Event "Steyr Landesliga 1819"]
[Site "Austria"]
[Date "2018.11.10"]
[Round "4.4"]
[White "Stuhlik, Marko"]
[Black "Zimmermann, Heinz"]
[Result "1/2-1/2"]
[WhiteElo "2165"]
[BlackElo "2165"]
[PlyCount "27"]
[EventDate "2018.10.06"]
[EventType "team-tourn"]
[EventRounds "11"]
[EventCountry "AUT"]
[SourceTitle "CBM 187 Extra"]
[Source "ChessBase"]
[SourceDate "2018.11.04"]
[SourceVersion "1"]
[SourceVersionDate "2018.11.04"]
[SourceQuality "1"]
[WhiteTeam "Trofaiach Niklasdorf"]
[BlackTeam "Graz Schachgesellschaft"]
[WhiteTeamCountry "AUT"]
[BlackTeamCountry "AUT"]

1. g3 g6 2. Bg2 Bg7 3. c4 c5 4. Nc3 Nc6 5. Nf3 a6 6. b3 b5 7. Bb2 bxc4 8. bxc4 Rb8 9. Rb1 Nf6 10. 0-0 0-0 11. Ba1 Rxb1 12. Qxb1 d6 13. Nd5 e5 14. Nxf6+ 1/2-1/2

[Event "Steyr Landesliga 1819"]
[Site "Austria"]
[Date "2018.10.27"]
[Round "3.4"]
[White "Kastner, Walter"]
[Black "Stuhlik, Marko"]
[Result "1-0"]
[WhiteElo "2201"]
[BlackElo "2165"]
[PlyCount "53"]
[EventDate "2018.10.06"]
[EventType "team-tourn"]
[EventRounds "11"]
[EventCountry "AUT"]
[SourceTitle "CBM 187 Extra"]
[Source "ChessBase"]
[SourceDate "2018.11.04"]
[SourceVersion "1"]
[SourceVersionDate "2018.11.04"]
[SourceQuality "1"]
[WhiteTeam "Graz Schachfreunde"]
[BlackTeam "Trofaiach Niklasdorf"]
[WhiteTeamCountry "AUT"]
[BlackTeamCountry "AUT"]

1. d4 g6 2. e4 d6 3. Nc3 c6 4. a4 Bg7 5. h3 Nf6 6. Nf3 a5 7. Be3 Na6 8. Qd2 Nb4 9. Be2 0-0 10. 0-0 d5 11. e5 Ne4 12. Qc1 f6 13. Nd1 c5 14. c3 cxd4 15. exf6 Bxf6 16. Bxd4 Nc6 17. Bxf6 Rxf6 18. Ne3 Nc5 19. Qd1 Rd6 20. Nd4 Nxd4 21. cxd4 Ne6 22. Bf3 b6 23. Qd2 Bb7 24. Rfe1 Qf8 25. Ng4 Re8 26. Rac1 Qg7 27. Re5 1-0

[Event "Steyr Landesliga 1617"]
[Site "Austria"]
[Date "2017.03.18"]
[Round "8.4"]
[White "Stuhlik, Marko"]
[Black "Bonstingl, Georg"]
[Result "1/2-1/2"]
[WhiteElo "2118"]
[BlackElo "2221"]
[PlyCount "102"]
[EventDate "2016.10.01"]
[EventType "team-tourn"]
[EventRounds "11"]
[EventCountry "AUT"]
[SourceTitle "EXT 2018"]
[Source "ChessBase"]
[SourceDate "2017.10.13"]
[SourceVersion "1"]
[SourceVersionDate "2017.10.13"]
[SourceQuality "1"]
[WhiteTeam "Trofaiach Niklasdorf"]
[BlackTeam "Gamlitz"]
[WhiteTeamCountry "AUT"]
[BlackTeamCountry "AUT"]

1. g3 g6 2. Bg2 Bg7 3. c4 Nf6 4. Nc3 0-0 5. d4 d6 6. Nf3 Nc6 7. 0-0 a6 8. h3 Rb8 9. Be3 Nd7 10. Rc1 e5 11. Qd2 Re8 12. Rfd1 exd4 13. Nxd4 Nde5 14. Nxc6 bxc6 15. b3 Bb7 16. f4 Nd7 17. Ba7 Ra8 18. Bf2 Qe7 19. Re1 Rab8 20. Ba7 Rbd8 21. Bf2 Ba8 22. Bd4 Bxd4+ 23. Qxd4 c5 24. Qd2 Bxg2 25. Kxg2 Nb6 26. e4 Qe6 27. Re2 Qc8 28. Rce1 a5 29. f5 Re5 30. Rf1 Rde8 31. Ref2 R8e7 32. f6 R7e6 33. Nd5 Rxe4 34. Qh6 Qf8 35. Ne7+ Rxe7 36. Qxf8+ Kxf8 37. fxe7+ Rxe7 38. g4 Nd7 39. Kg3 h6 40. h4 Kg7 41. Rb1 Re8 42. Rbf1 Ne5 43. Re2 Rb8 44. Re3 Ra8 45. Rfe1 Kf6 46. Kf4 Ke6 47. g5 hxg5+ 48. hxg5 Rh8 49. Rxe5+ dxe5+ 50. Rxe5+ Kd6 51. Rd5+ Kc6 1/2-1/2

[Event "Steyr Landesliga 1617"]
[Site "Austria"]
[Date "2016.10.15"]
[Round "2.4"]
[White "Stuhlik, Marko"]
[Black "Schrittwieser, Herbert"]
[Result "1/2-1/2"]
[WhiteElo "2118"]
[BlackElo "2169"]
[PlyCount "31"]
[EventDate "2016.10.01"]
[EventType "team-tourn"]
[EventRounds "11"]
[EventCountry "AUT"]
[SourceTitle "CBM 175 Extra"]
[Source "ChessBase"]
[SourceDate "2016.12.12"]
[SourceVersion "1"]
[SourceVersionDate "2016.12.12"]
[SourceQuality "1"]
[WhiteTeam "Trofaiach Niklasdorf"]
[BlackTeam "Austria"]
[WhiteTeamCountry "AUT"]
[BlackTeamCountry "AUT"]

1. c4 e5 2. g3 Nf6 3. Bg2 Nc6 4. Nc3 Bb4 5. Nd5 Bc5 6. e3 d6 7. h3 Nxd5 8. cxd5 Ne7 9. Ne2 c6 10. dxc6 Nxc6 11. 0-0 0-0 12. d4 Bb6 13. b3 exd4 14. Nxd4 Nxd4 15. exd4 Re8 16. Be3 1/2-1/2

[Event "Steyr Landesliga 1617"]
[Site "Austria"]
[Date "2016.10.01"]
[Round "1.4"]
[White "Pretterhofer, Kiaras"]
[Black "Stuhlik, Marko"]
[Result "0-1"]
[WhiteElo "2006"]
[BlackElo "2118"]
[PlyCount "52"]
[EventDate "2016.10.01"]
[EventType "team-tourn"]
[EventRounds "11"]
[EventCountry "AUT"]
[SourceTitle "CBM 175 Extra"]
[Source "ChessBase"]
[SourceDate "2016.12.12"]
[SourceVersion "1"]
[SourceVersionDate "2016.12.12"]
[SourceQuality "1"]
[WhiteTeam "Schachfreunde"]
[BlackTeam "Trofaiach Niklasdorf"]
[WhiteTeamCountry "AUT"]
[BlackTeamCountry "AUT"]

1. Nf3 g6 2. e4 Bg7 3. d4 d6 4. c4 c6 5. Nc3 Na6 6. Be2 Nc7 7. 0-0 Nh6 8. Bg5 f6 9. Be3 0-0 10. h3 Nf7 11. Qd2 e5 12. Rad1 Qe7 13. b4 b6 14. c5 dxc5 15. dxc5 b5 16. a4 a6 17. Nh2 f5 18. exf5 gxf5 19. f4 Be6 20. Nf3 Bb3 21. Rb1 Rad8 22. Qe1 bxa4 23. Rxb3 axb3 24. fxe5 Nxe5 25. Nxe5 Qxe5 26. Bf4 Qd4+ 0-1

[Event "Steyr Landesliga 1516"]
[Site "Austria"]
[Date "2016.02.06"]
[Round "7.4"]
[White "Stuhlik, Marko"]
[Black "Almer, Gerald"]
[Result "1/2-1/2"]
[WhiteElo "2107"]
[BlackElo "2138"]
[PlyCount "34"]
[EventDate "2015.09.26"]
[EventType "team-tourn"]
[EventRounds "11"]
[EventCountry "AUT"]
[SourceTitle "EXT 2017"]
[Source "ChessBase"]
[SourceDate "2016.10.25"]
[SourceVersion "1"]
[SourceVersionDate "2016.10.25"]
[SourceQuality "1"]
[WhiteTeam "Trofaiach Niklasdorf"]
[BlackTeam "Feldbach Kirchberg"]
[WhiteTeamCountry "AUT"]
[BlackTeamCountry "AUT"]

1. Nf3 d5 2. d4 Nf6 3. c4 e6 4. g3 Be7 5. Bg2 0-0 6. 0-0 Nbd7 7. cxd5 exd5 8. Nc3 c6 9. Ne1 Re8 10. Nd3 Qb6 11. a3 Nf8 12. b4 Bf5 13. Rb1 Qa6 14. b5 Qa5 15. Rb3 a6 16. bxc6 bxc6 17. Ne5 Rac8 1/2-1/2

[Event "Steyr Landesliga 1516"]
[Site "Austria"]
[Date "2016.01.23"]
[Round "6.4"]
[White "Wallner, Joachim"]
[Black "Stuhlik, Marko"]
[Result "1/2-1/2"]
[WhiteElo "2323"]
[BlackElo "2107"]
[PlyCount "74"]
[EventDate "2015.09.26"]
[EventType "team-tourn"]
[EventRounds "11"]
[EventCountry "AUT"]
[SourceTitle "CBM 170 Extra"]
[Source "ChessBase"]
[SourceDate "2016.02.25"]
[SourceVersion "1"]
[SourceVersionDate "2016.02.25"]
[SourceQuality "1"]
[WhiteTeam "Pinggau Friedberg"]
[BlackTeam "Trofaiach Niklasdorf"]
[WhiteTeamCountry "AUT"]
[BlackTeamCountry "AUT"]

1. b3 e5 2. Bb2 d6 3. g3 f5 4. Bg2 Nf6 5. c4 g6 6. e3 Bg7 7. Ne2 0-0 8. 0-0 Nc6 9. d4 e4 10. Nbc3 Bh6 11. h4 Ng4 12. Nd5 Ne7 13. Ndf4 Bg7 14. Qd2 h6 15. f3 exf3 16. Bxf3 Qe8 17. Nc3 c6 18. Nh3 g5 19. hxg5 Qh5 20. Kg2 hxg5 21. Rh1 Qg6 22. Raf1 Bd7 23. Nf2 Nxf2 24. Rxf2 f4 25. Bh5 Qe6 26. exf4 gxf4 27. Rxf4 Rxf4 28. Qxf4 Rf8 29. Qe4 Nf5 30. Qxe6+ Bxe6 31. Re1 Nxd4 32. Ne4 Nf5 33. Bxg7 Nxg7 34. Nxd6 b5 35. cxb5 Bd5+ 36. Kh3 Nxh5 37. Re8 cxb5 1/2-1/2

[Event "Steyr Landesliga 1516"]
[Site "Austria"]
[Date "2015.10.24"]
[Round "3.3"]
[White "Egger, Andreas"]
[Black "Stuhlik, Marko"]
[Result "0-1"]
[WhiteElo "2111"]
[BlackElo "2107"]
[PlyCount "72"]
[EventDate "2015.09.26"]
[EventType "team-tourn"]
[EventRounds "11"]
[EventCountry "AUT"]
[SourceTitle "EXT 2017"]
[Source "ChessBase"]
[SourceDate "2016.10.25"]
[SourceVersion "1"]
[SourceVersionDate "2016.10.25"]
[SourceQuality "1"]
[WhiteTeam "Spg ISR"]
[BlackTeam "Trofaiach Niklasdorf"]
[WhiteTeamCountry "AUT"]
[BlackTeamCountry "AUT"]

1. Nf3 g6 2. c4 c5 3. Nc3 Bg7 4. e3 Nf6 5. d4 0-0 6. Be2 Na6 7. d5 d6 8. 0-0 Nc7 9. h3 b5 10. Nxb5 Nxb5 11. cxb5 a6 12. bxa6 Bxa6 13. e4 Bxe2 14. Qxe2 Ra4 15. Nd2 Qa8 16. a3 Rb8 17. Ra2 Nd7 18. Kh2 Qa6 19. Qxa6 Rxa6 20. f4 e6 21. dxe6 fxe6 22. Rf3 d5 23. Rd3 c4 24. Rf3 Nc5 25. e5 g5 26. Nf1 Nb3 27. Rc3 Rc6 28. g3 d4 29. Rc2 Nxc1 30. Rxc1 gxf4 31. gxf4 Bh6 32. Kg3 Rf8 33. Re1 Bxf4+ 34. Kg4 c3 35. bxc3 dxc3 36. Ne3 Bxe3 0-1

[Event "Steyr Landesliga 1516"]
[Site "Austria"]
[Date "2015.09.26"]
[Round "1.4"]
[White "Stuhlik, Marko"]
[Black "Kravanja, Georg"]
[Result "1/2-1/2"]
[WhiteElo "2107"]
[BlackElo "2204"]
[PlyCount "112"]
[EventDate "2015.09.26"]
[EventType "team-tourn"]
[EventRounds "11"]
[EventCountry "AUT"]
[SourceTitle "EXT 2017"]
[Source "ChessBase"]
[SourceDate "2016.10.25"]
[SourceVersion "1"]
[SourceVersionDate "2016.10.25"]
[SourceQuality "1"]
[WhiteTeam "Trofaiach Niklasdorf"]
[BlackTeam "Graz Schachfreunde"]
[WhiteTeamCountry "AUT"]
[BlackTeamCountry "AUT"]

1. g3 d5 2. Nf3 Nf6 3. Bg2 c6 4. d3 Bg4 5. Nbd2 Nbd7 6. h3 Bh5 7. 0-0 e5 8. e4 Bd6 9. Qe1 0-0 10. Nh4 a5 11. f4 exf4 12. gxf4 dxe4 13. dxe4 Re8 14. Kh1 Nc5 15. e5 Bf8 16. Qf2 Nd5 17. Nc4 Ne6 18. Nf5 Bc5 19. Qg3 Be2 20. Ncd6 Bxf1 21. Bxf1 Bxd6 22. Nxd6 f5 23. Nxe8 Qxe8 24. a4 Rd8 25. Bc4 b5 26. Bb3 bxa4 27. Bc4 Nb4 28. Be3 Nxc2 29. Rg1 g6 30. Qg5 Rd5 31. Bxd5 cxd5 32. Qg3 d4 33. Bc1 Qc6+ 34. Qg2 Qe4 35. Qxe4 fxe4 36. f5 Ng7 37. fxg6 hxg6 38. Rxg6 Kf7 39. Rf6+ Ke7 40. Rc6 d3 41. Rc7+ Kf8 42. Bh6 e3 43. Rxg7 d2 44. Rd7+ Ke8 45. Rxd2 exd2 46. Bxd2 a3 47. bxa3 Nxa3 48. Bxa5 Nc4 49. Bc3 Ke7 50. Kg2 Ke6 51. Kf3 Nxe5+ 52. Kf4 Nd3+ 53. Ke3 Ne5 54. Ke4 Ng6 55. Ba5 Kf6 56. Bd8+ Kg7 1/2-1/2

[Event "Steyr Landesliga 1415"]
[Site "Austria"]
[Date "2015.04.11"]
[Round "10.3"]
[White "Stuhlik, Marko"]
[Black "Danner, Georg"]
[Result "0-1"]
[WhiteElo "2120"]
[BlackElo "2340"]
[PlyCount "134"]
[EventDate "2014.09.27"]
[EventType "team-tourn"]
[EventRounds "11"]
[EventCountry "AUT"]
[SourceTitle "EXT 2016"]
[Source "ChessBase"]
[SourceDate "2015.10.08"]
[SourceVersion "1"]
[SourceVersionDate "2015.10.08"]
[SourceQuality "1"]
[WhiteTeam "Trofaiach Niklasdorf"]
[BlackTeam "Horn Ratten Krieglach"]
[WhiteTeamCountry "AUT"]
[BlackTeamCountry "AUT"]

1. g3 c5 2. c4 Nc6 3. Bg2 g6 4. Nc3 Bg7 5. Nf3 a6 6. 0-0 Rb8 7. a3 b5 8. cxb5 axb5 9. b4 Nxb4 10. axb4 cxb4 11. Nd5 Bxa1 12. d4 Bb7 13. Ng5 Nf6 14. Nxf6+ exf6 15. Ne4 Bxe4 16. Bxe4 0-0 17. Bf4 Bc3 18. Bxb8 Qxb8 19. e3 Qd6 20. Qb3 Kg7 21. Qd5 Qxd5 22. Bxd5 h5 23. h4 f5 24. Kg2 Kf6 25. Bb3 Ra8 26. Kf3 Ra3 27. Rb1 Ke7 28. Ke2 f6 29. Kd3 g5 30. Kc2 Ra8 31. Rh1 Rh8 32. Kd3 Kf8 33. Bd1 g4 34. Bb3 Ke7 35. Rc1 Ra8 36. Rf1 Ra3 37. Rb1 Kd6 38. Kc2 Kc6 39. Rf1 Kd6 40. Rb1 Ra7 41. Kd3 Ra8 42. Ra1 Ra3 43. Rb1 Ke7 44. Kc2 d6 45. Rc1 Kf8 46. Kd3 Kg7 47. Rb1 Kg6 48. Bd5 Ra7 49. Bb3 Ra3 50. Kc2 f4 51. gxf4 Kf5 52. Bd5 g3 53. fxg3 Kg4 54. Rg1 Ra1 55. Rxa1 Bxa1 56. Kd3 Kxg3 57. Ke2 Bc3 58. Bb3 Kg4 59. Kf2 Bd2 60. Be6+ Kxh4 61. Ke2 Bc3 62. Bf7 b3 63. Bxb3 Kh3 64. Kf3 Bd2 65. Ke4 Bc1 66. f5 h4 67. d5 Bb2 0-1

[Event "Steyr Landesliga 1415"]
[Site "Austria"]
[Date "2015.03.21"]
[Round "9.3"]
[White "Fahrner, Kurt"]
[Black "Stuhlik, Marko"]
[Result "1-0"]
[WhiteElo "2306"]
[BlackElo "2120"]
[PlyCount "65"]
[EventDate "2014.09.27"]
[EventType "team-tourn"]
[EventRounds "11"]
[EventCountry "AUT"]
[SourceTitle "EXT 2016"]
[Source "ChessBase"]
[SourceDate "2015.10.08"]
[SourceVersion "1"]
[SourceVersionDate "2015.10.08"]
[SourceQuality "1"]
[WhiteTeam "Graz Austria"]
[BlackTeam "Trofaiach Niklasdorf"]
[WhiteTeamCountry "AUT"]
[BlackTeamCountry "AUT"]

1. c4 c5 2. Nc3 g6 3. g3 Bg7 4. Bg2 Nc6 5. e3 Nf6 6. Nge2 0-0 7. 0-0 d6 8. d4 Bd7 9. b3 Rb8 10. Bb2 Qc8 11. d5 Nd8 12. Nf4 b5 13. cxb5 Bxb5 14. Nxb5 Rxb5 15. Qe2 Rb6 16. Rfc1 Qb8 17. Rc4 Re8 18. Rd1 Nb7 19. Bh3 Qc7 20. e4 Nd7 21. Bxg7 Kxg7 22. Bxd7 Qxd7 23. Ra4 a5 24. e5 dxe5 25. Qxe5+ Kg8 26. h4 h5 27. Re1 Rf6 28. Qe3 Kf8 29. Rc4 Kg7 30. Re4 Kf8 31. Re5 Rf5 32. Ne6+ fxe6 33. Qh6+ 1-0

[Event "Steyr Landesliga 1415"]
[Site "Austria"]
[Date "2014.11.08"]
[Round "4.3"]
[White "Stuhlik, Marko"]
[Black "Nuster, Erwin"]
[Result "1-0"]
[WhiteElo "2120"]
[BlackElo "2163"]
[PlyCount "81"]
[EventDate "2014.09.27"]
[EventType "team-tourn"]
[EventRounds "11"]
[EventCountry "AUT"]
[SourceTitle "EXT 2016"]
[Source "ChessBase"]
[SourceDate "2015.10.08"]
[SourceVersion "1"]
[SourceVersionDate "2015.10.08"]
[SourceQuality "1"]
[WhiteTeam "Trofaiach Niklasdorf"]
[BlackTeam "Feldbach Kirchberg"]
[WhiteTeamCountry "AUT"]
[BlackTeamCountry "AUT"]

1. g3 c5 2. c4 Nc6 3. Bg2 g6 4. Nc3 Bg7 5. Nf3 d6 6. d3 Bd7 7. Bd2 Qc8 8. h4 h5 9. a3 Nh6 10. Rb1 Nf5 11. b4 Nd8 12. b5 Nd4 13. Ng5 f6 14. Nge4 Nf7 15. Nd5 f5 16. Ng5 Ne6 17. Nxe6 Bxe6 18. Nf4 Ne5 19. Nxe6 Qxe6 20. Bxb7 Rb8 21. Bd5 Qc8 22. a4 e6 23. Bg2 0-0 24. Qb3 Nf7 25. a5 e5 26. Bd5 Kh7 27. e3 Qe8 28. Qd1 Nh6 29. 0-0 f4 30. exf4 exf4 31. Bxf4 Rxf4 32. gxf4 Qd8 33. Qf3 Nf5 34. Be4 Qxh4 35. Bxf5 gxf5 36. Qg3 Qd8 37. Qg5 Qd7 38. Rfe1 Rb7 39. a6 Rc7 40. Re3 Bh6 41. Qxh5 1-0

[Event "Steyr Landesliga 1314"]
[Site "Austria"]
[Date "2014.01.25"]
[Round "6.3"]
[White "Manhardt, Thomas"]
[Black "Stuhlik, Marko"]
[Result "1/2-1/2"]
[WhiteElo "2199"]
[BlackElo "2156"]
[PlyCount "20"]
[EventDate "2013.09.28"]
[EventType "team-tourn"]
[EventRounds "11"]
[EventCountry "AUT"]
[SourceTitle "EXT 2015"]
[Source "ChessBase"]
[SourceDate "2014.11.20"]
[SourceVersion "1"]
[SourceVersionDate "2014.11.20"]
[SourceQuality "1"]
[WhiteTeam "Graz Styria"]
[BlackTeam "Trofaiach Niklasdorf"]
[WhiteTeamCountry "AUT"]
[BlackTeamCountry "AUT"]

1. e4 g6 2. d4 Bg7 3. Nc3 c6 4. Nf3 d6 5. a4 Nf6 6. h3 0-0 7. Be3 Nbd7 8. Bd3 e5 9. 0-0 exd4 10. Nxd4 Nc5 1/2-1/2

[Event "Steyr Landesliga 1314"]
[Site "Austria"]
[Date "2013.12.07"]
[Round "5.2"]
[White "Loebler, Heimo"]
[Black "Stuhlik, Marko"]
[Result "1/2-1/2"]
[WhiteElo "2146"]
[BlackElo "2156"]
[PlyCount "30"]
[EventDate "2013.09.28"]
[EventType "team-tourn"]
[EventRounds "11"]
[EventCountry "AUT"]
[SourceTitle "EXT 2015"]
[Source "ChessBase"]
[SourceDate "2014.11.20"]
[SourceVersion "1"]
[SourceVersionDate "2014.11.20"]
[SourceQuality "1"]
[WhiteTeam "Graz Schachamazonen"]
[BlackTeam "Trofaiach Niklasdorf"]
[WhiteTeamCountry "AUT"]
[BlackTeamCountry "AUT"]

1. d4 g6 2. Nf3 Bg7 3. c3 Nf6 4. Bf4 d6 5. h3 0-0 6. e3 Nbd7 7. Be2 b6 8. Nbd2 Bb7 9. 0-0 Qe8 10. a4 e5 11. dxe5 dxe5 12. Bh2 a5 13. Nc4 Ne4 14. Qc2 Qe7 15. b4 axb4 1/2-1/2

[Event "Steyr Landesliga 1314"]
[Site "Austria"]
[Date "2013.09.28"]
[Round "1.2"]
[White "Dietmayer Kraeutler, Marco"]
[Black "Stuhlik, Marko"]
[Result "1/2-1/2"]
[WhiteElo "2219"]
[BlackElo "2156"]
[PlyCount "23"]
[EventDate "2013.09.28"]
[EventType "team-tourn"]
[EventRounds "11"]
[EventCountry "AUT"]
[SourceTitle "EXT 2015"]
[Source "ChessBase"]
[SourceDate "2014.11.20"]
[SourceVersion "1"]
[SourceVersionDate "2014.11.20"]
[SourceQuality "1"]
[WhiteTeam "Leoben"]
[BlackTeam "Trofaiach Niklasdorf"]
[WhiteTeamCountry "AUT"]
[BlackTeamCountry "AUT"]

1. d4 Nf6 2. c4 g6 3. Nc3 Bg7 4. e4 d6 5. Nf3 0-0 6. Be2 e5 7. 0-0 Nc6 8. d5 Ne7 9. b4 a5 10. Ba3 axb4 11. Bxb4 b6 12. a4 1/2-1/2